Surgery Orthopedics & Anesthesiology : (Record no. 195302)

MARC details
000 -LEADER
fixed length control field 00676nam a22002057a 4500
005 - DATE AND TIME OF LATEST TRANSACTION
control field 20230316160156.0
010 ## - LCCN (DPL NO)
LC control number ENG-136452
020 ## - INTERNATIONAL STANDARD BOOK NUMBER
Terms of availability 1095.00
International Standard Book Number 9789393662187
035 ## - SYSTEM CONTROL NUMBER
System control number EN-119984
037 ## - SOURCE OF ACQUISITION
Source of stock number/acquisition DBAD/PUB
082 ## - DEWEY DECIMAL CLASSIFICATION NUMBER
Classification number 617.96
100 ## - MAIN ENTRY--PERSONAL NAME
Personal name Kundu, Debanjan
245 ## - TITLE STATEMENT
Title Surgery Orthopedics & Anesthesiology :
Statement of responsibility, etc By Debanjan Kundu and Simantini Sircar
Remainder of title Quest A Comprehensive Guide To UG /
250 ## - EDITION STATEMENT
Edition statement Fifth
260 ## - PUBLICATION, DISTRIBUTION, ETC. (IMPRINT)
Name of publisher, distributor, etc Academic Publishers
Place of publication, distribution, etc Kolkata
Date of publication, distribution, etc 2023
270 ## - ADDRESS
Address 5A Bhawani Dutta Lane
City Kolkata
Postal code 700073
Electronic mail address contact@Academicpublishers.in
300 ## - PHYSICAL DESCRIPTION
Extent xl944p.
Dimensions 24cm(pbk)
700 ## - ADDED ENTRY--PERSONAL NAME
Personal name Sircar,Simantini
942 ## - ADDED ENTRY ELEMENTS (KOHA)
Source of classification or shelving scheme Dewey Decimal Classification
Item type English Books
Classification part 617.96
Call number suffix SUR
Holdings
Withdrawn status Lost status Not for loan Collection code Home library Current library Date acquired Source of acquisition Cost, normal purchase price Full call number Barcode Copy number Koha item type
      Non-fiction Katevara Katevara 16/03/2023 DBAD/PUB 1095.00 617.96 SUR EN-119984 1 English Books

© Delhi Public Library
Hit Counter
free hit counter